| 000 | 00000nam##2200000za#4500 |
| 001 | 9.569530 |
| 003 | CaOODSP |
| 005 | 20210624181819 |
| 007 | cr ||||||||||| |
| 008 | 150406|2001||||xxc|||||o f|0| 0 eng|d |
| 040 | |aCaOODSP|beng |
| 043 | |an-cn--- |
| 086 | 1 |aNH18-1/11-2001E-PDF |
| 110 | 2 |aCanada Mortgage and Housing Corporation. |
| 245 | 14|aThe history of Canada's Residential Rehabilitation Assistance Program (RRAP) / |h[electronic resource]|cprepared by Dale Falkenhagen. |
| 246 | 1 |aThe history of RRAP |
| 260 | |aOttawa - Ontario : |bCanada Mortgage and Housing Corporation |c2001. |
| 300 | |a206p.|bglossary, graphs, tables |
| 490 | 1 |aResearch report |
| 504 | |aBibliography. |
| 590 | |a11-08-Supp|b2011-06-16 |
| 720 | 1 |aFalkenhagen, Dale |
| 775 | 08|tHistoire du Programme d'aide à la remise en état des logements (PAREL) du Canada / |w(CaOODSP)9.600628 |
| 830 | #0|aResearch report (Canada Mortgage and Housing Corporation : Online)|w(CaOODSP)9.506068 |
| 856 | 40|ahttp://publications.gc.ca|qPDF|s1.10 MB|uhttps://publications.gc.ca/collections/collection_2011/schl-cmhc/nh18-1/NH18-1-11-2001-eng.pdf |